000 00998nam a22002777a 4500
003 DO-SdBNP
005 20220307084400.0
007 ta
008 210316b 2020 dr | 00| 0 eng d
020 _a9789945917758
040 _aDO-SdBNP
_bspa
_cBNPHU
082 4 _a086.1
_bS246f
_222
100 1 _aSarmiento Castro, Vicente,
_d1977-
_978151
245 1 0 _aFrases y pensamientos /
_cVicente Sarmiento Castro ; diagramación y cuidado de la edición Luis R. Cunillera.
246 1 0 _aFrases y pensamientos :
_bnacionales e internacionales.
250 _a2da. ed.
260 _aSanto Domingo :
_bLuz de Luna,
_c2020.
300 _a199 p. ;
_c21 cm.
500 _aIncluye datos biográficos del autor en la solapa de la contracubierta.
590 _aInventariado, 2021 /LP
650 1 4 _aCitas españolas
_953636
650 1 4 _aEspañol
_xPalabras y frases extrajeras
_981222
700 1 _aCunillera, Luis R.,
_eed.
_978152
910 _aLopérez/Validado. Control de calidad MFF
942 _2ddc
_cLBS1
999 _c49583
_d49583